000 00676nam a2200145Ia 4500
008 231129s2008||||xx |||||||||||||| ||spa||
020 _a978-958-98371-6-0
040 _bspa
082 _a304.809861 P969p
100 _aOrganización Internacional para las Migraciones
245 0 _aProyecto: conceptualización del incidente de reparación. Rol de la Procuradurí­a General de la Nación en el marco de la ley 975: Recomendaciones para la participación de organizaciones sociales
260 _c2008
264 _aBogotá Colombia : Procuraduria General de la Nación. Organización Internacional para las Migraciones
942 _2ddc
_cBKS
999 _c23417
_d23417